000 00900nam a2200241Ia 4500
003 GCL
008 140319s9999 xx 000 0 ara d
040 _aGCL /
_cGCL
082 0 4 _a346.044
_bم ا
100 1 _aمحمد عبدالمجيد مرعى
245 1 0 _aالاصلاح الزراعى وتنمية المجتمع /
_cمحمد عبدالمجيد مرعى
260 _aالقاهرة :
_bالمؤسسة المصرية العامة للتاليف والنشر ،
_c1968
300 _a116 ص ؛
_c17 سم
490 _aالمكتبة الثقافية
_v0
650 0 4 _aالمجتمع
650 0 4 _aالاصلاح الزراعى
650 0 4 _aقانون الملكية
650 0 4 _aالتنمية الزراعية
650 0 4 _aالقانون الزراعى
650 0 4 _aالاراضى الزراعية
650 0 4 _aالاصلاح الزراعى - قوانين
942 _2ddc
_cBK
999 _c50789
_d50789